000 00348 a2200157 4500
001 59767
020 _a9783789131745
040 _cAnchieta - Pituba
100 _aBoie, Kirsten
240 1 0 _aVerrat in Skogland
_lpor
245 1 0 _aVerrat in Skogland
300 _a447
362 0 _a2008
650 4 _aLiteratura juvenil em alemão
942 _cBK
999 _c59767
_d59767